000 00791nam a2200241 a 4500
001 78792
003 BD-RjUL
005 20211209083156.0
008 211115s1963 ua 000 0 ara d
035 _a(BD-RjUL)79019
040 _aNjP
_cNjP
_dMH
_dCStRLIN
_dCtY
_dUkOxU
_beng
041 _aara
082 _223
_a297.382
_bKHK 1963
100 1 _aخراز، ابي سعيد.;; Kharrāz, Abi Said
_d-899 or 900.
_9250031
245 1 4 _a كتاب الصدق ;; Kitāb al-ṣidq /
_cAbū Saʿīd al-Kharrāz
246 3 0 _aKitāb al-ṣidq
260 _aal-Qāhirah :
_bDār al-Kutub al-Ḥadīthah,
_c[1963?]
300 _a83 p. ;
_c21 cm.
650 0 _aIslam
_vPrayers and devotions.
_9250032
650 0 _aSufism.
_9250033
700 1 _aMaḥmūd, ʿAbd al-Ḥalīm.
_9250036
942 _2ddc
_cBK
999 _c78792
_d78792